00423nam a2200169Ia 4500003000400000005001700004008004100021020001800062040000700080041000800087082001600095100004500111245002600156260004100182300001700223365001300240OSt20230403094511.0210423s2009 xx 000 0 und d a9780070085794 cAL aeng a658.15 INDI aINDIAN INSTITUTE OF BANKING AND FINANCE. aFinancial management. aNew DelhibMacmillan India Ltdc2009 aviii,455bPB b265cINR